| 000 | 00925cam a2200217 4500 | ||
|---|---|---|---|
| 001 | X123017 | ||
| 008 | 030715n2003 000 0 eng u | ||
| 035 | _a(Sirsi) u123017 | ||
| 100 | _aPearson, A. | ||
| 245 | _aSpace is money | ||
| 260 | _c2003 | ||
| 490 |
_aBuilding _v268(8287) 13 June 2003, 44-45(2) |
||
| 520 | _aLooks at the problems faced by contractors involved in the refurbishment of an occupied building, using as an example Victoria station. A team at the University College of London has developed a software tool, called RaCMIT (Refurbishment and Customer Movement Integration Tool), to help clients and contractors plan hoardings and minimise a project's disruption on both the building and the public. | ||
| 650 | _aREFURBISHMENT PROJECTS | ||
| 650 | _aPROJECT ANALYSIS | ||
| 650 | _aSPACE | ||
| 650 | _aTIME | ||
| 650 | _aCOMPUTER SIMULATION | ||
| 690 |
_aProject management _96261 |
||
| 942 | _n0 | ||
| 999 |
_c73053 _d73053 |
||